000 00408nam a2200157Ia 4500
008 230917s9999||||xx |||||||||||||| ||und||
020 _cFL200
040 _e11919
_aMAIN
041 _aEnglish
082 _a544.92 J827Z:H
100 _aZlatkis, A, ed
245 0 _aH P T L C High performance thin-layer chromatography
260 _aAmsterdam
_bElsevier Scientific
_c1977
300 _a240 p.
942 _cBK
999 _c37274
_d37274